Statistics for Artists with critically acclaimed albums released since 2010

Click here to take the quiz!

General Stats

  • This quiz has been taken 34 times
  • The average score is 15 of 32

Answer Stats

Album (year released, genre)Artist% Correct
Lemonade (2016, R&B)Beyonce
97%
My Beautiful Dark Twisted Fantasy (2010, hip hop)Kanye West
97%
good kid, m.A.A.d. city (2012, hip hop)Kendrick Lamar
79%
Blackstar (2016, art rock)David Bowie
76%
Channel Orange (2012, R&B)Frank Ocean
70%
Modern Vampires of the City (2013, indie rock)Vampire Weekend
70%
Melodrama (2017, art pop)Lorde
67%
The Suburbs (2010, indie rock)Arcade Fire
61%
A Moon Shaped Pool (2016, art rock)Radiohead
61%
Lonerism (2012, psychedelic rock)Tame Impala
55%
Vulnicura (2015, art pop)Bjork
45%
Art Angels (2015, art pop)Grimes
45%
m b v (2013, shoegaze)My Bloody Valentine
45%
Carrie & Lowell (2015, indie folk)Sufjan Stevens
45%
This is Happening (2010, dance punk)LCD Soundsystem
42%
22, A Million (2016, art pop)Bon Iver
36%
LP1 (2014, alternative R&B)FKA Twigs
36%
The ArchAndroid (2010, soul)Janelle Monae
36%
Let England Shake (2011, alternative rock)PJ Harvey
36%
A Seat at the Table (2016, alternative R&B)Solange
36%
Strange Mercy (2011, indie pop)St. Vincent
36%
To Be Kind (2014, experimental rock)Swans
36%
I Love You, Honeybear (2015, singer-songwriter)Father John Misty
33%
High Violet (2010, indie rock)The National
33%
Black Messiah (2014, neo-soul)D'Angelo
30%
Teen Dream (2010, dream pop)Beach House
27%
Lost in the Dream (2014, folk rock)The War on Drugs
27%
The Idler Wheel (2012, singer-songwriter)Fiona Apple
24%
Divers (2015, singer-songwriter)Joanna Newsom
24%
My Woman (2016, indie rock)Angel Olsen
15%
Once I Was an Eagle (2013, folk)Laura Marling
15%
w h o k i l l (2011, experimental)tUnE-yArDs
12%

Score Distribution

Percentile by Number Answered

Percent of People with Each Score

Your Score History

You have not taken this quiz